มุมมองปกติ
มุมมองแบบ MARC
- อนุสรณ์สถาน 14 ตุลาคม 2516
รายการ Geographic Name
001 - CONTROL NUMBER
- control field: 22737
003 - CONTROL NUMBER IDENTIFIER
- control field: NALT
005 - DATE AND TIME OF LATEST TRANSACTION
- control field: 20171214100739.0
008 - FIXED-LENGTH DATA ELEMENTS
- fixed length control field: 171214|| aca||aabn | a|a d
040 ## - CATALOGING SOURCE
- Original cataloging agency: NALT
151 ## - HEADING--GEOGRAPHIC NAME
- Geographic name: อนุสรณ์สถาน 14 ตุลาคม 2516
